Critical thinking,thoughtful writing

Bibliographic Details
Main Author: Hammond, Eugene R.
Format: Book
Published: New York : McGraw-Hill , 1989
Subjects:

MARC

LEADER 00000cam a2200000 7i4500
001 0000003015
002 000003264
005 20000330.0
020 |a 0070259178 
090 0 0 |a 808.042   |b HAM 
100 1 |a Hammond, Eugene R. 
245 1 0 |a Critical thinking,thoughtful writing   |c Eugene R.Hammod 
260 |a New York :   |b McGraw-Hill ,   |c 1989 
300 |a 370p. ;   |c 22cm. 
650 0 0 |a English language   |x Rhetoric 
999 |a 036592   |b BUKU   |c PINJAMAN   |e PERPUSTAKAAN KOMUNITI PETALING JAYA